00390nam a2200169Ia 4500008004100000020001800041050001600059100001800075245002000093245002100113260001500134260001600149260000900165300001600174300002000190300001000210170918s9999 xx 000 0 und d a9780064404891 bY471dr 1993 aYep, Laurence aDragon's gate / cby Laurence Yep. aNew York : bScholastic, c1993 a335 pages : billustrations : c19cm.